APEC Schools

Margosatubig / (Record no. 9097)

000 -LEADER
fixed length control field nam a22 7a 4500
005 - DATE AND TIME OF LATEST TRANSACTION
control field 20220401013740.0
008 - FIXED-LENGTH DATA ELEMENTS--GENERAL INFORMATION
fixed length control field 220401b xxu||||| |||| 00| 0 eng d
020 ## - IDENTIFIER FOR THE MANIFESTATION
Identifier for the Manifestation 9789715506403
Binding paperback
040 ## - CATALOGING SOURCE
Language of Cataloging eng
Transcribing Agency APEC Schools Library
Description Conventions rda
082 ## - DEWEY DECIMAL CLASSIFICATION NUMBER
Classification number F 899.214
Author's Number M9719m 2012
100 ## - CREATOR
Preferred Name of the Person Munzones, Ramon L.
245 ## - TITLE AND STATEMENT OF RESPONSIBILITY
Preferred Title Proper Margosatubig /
Statement of Responsibility/Parallel Statement of Responsibility Ramon L. Munzones
264 ## - PUBLICATION STATEMENT
Place of publication, distribution, etc Quezon City ;
Publisher's Name/Parallel Publisher's Name Ateneo De Manila University Press,
Copyright ©2012.
300 ## - PHYSICAL DESCRIPTION
Extent 230 pages.
336 ## - RDA CONTENT
Source rdacontent
Content Type text
337 ## - RDA MEDIA
Source rdamedia
Media Type unmediated
338 ## - RDA CARRIER
Source rdacarrier
Carrier Type volume
650 ## - ADDED SUBJECT ACCESS POINT - TOPICAL TERM
Topical Term Hiligaynon fiction
Form Subdivision Translations into English.
650 ## - ADDED SUBJECT ACCESS POINT - TOPICAL TERM
Topical Term Philippine fiction (English).
942 ## - ADDED ENTRY ELEMENTS (KOHA)
Source of Classification
Koha Item Type Fiction
Holdings
Library Site Location Shelving Location Source of Acquisition Full Classification Number Accession Number Koha Item Type
APEC Bacoor Library APEC Bacoor Library Filipiniana Institutional Fund F 899.214 M9719m 2012 B04-0000600 Fiction
APEC C. Raymundo Library APEC C. Raymundo Library Filipiniana Institutional Fund F 899.214 M9719m 2012 A07-0000523 Fiction
APEC Calumpang Library APEC Calumpang Library Filipiniana Institutional Fund F 899.214 M9719m 2012 B10-0000528 Fiction
APEC Dasmarinas Library APEC Dasmarinas Library Filipiniana Institutional Fund F 899.214 M9719m 2012 B03-0000563 Fiction
APEC Grace Park West Library APEC Grace Park West Library Filipiniana Institutional Fund F 899.214 M9719m 2012 A09-0000407 Fiction
APEC JRU Lipa Library APEC JRU Lipa Library Filipiniana Institutional Fund F 899.214 M9719m 2012 B12-0000583 Fiction
APEC Las Piñas Library APEC Las Piñas Library Filipiniana Institutional Fund F 899.214 M9719m 2012 C01-0000420 Fiction
APEC Marikina Heights Library APEC Marikina Heights Library Filipiniana Institutional Fund F 899.214 M9719m 2012 A08-0000431 Fiction
APEC Concepcion Dos Library APEC Marikina Heights Library Filipiniana Institutional Fund F 899.214 M9719m 2012 C02-0000386 Fiction
APEC Muntinlupa Library APEC Muntinlupa Library Filipiniana Institutional Fund F 899.214 M9719m 2012 B01-0000400 Fiction
APEC New Manila Library APEC New Manila Library Filipiniana Institutional Fund F 899.214 M9719m 2012 C03-0000415 Fiction
APEC North Fairview Library APEC North Fairview Library Filipiniana Institutional Fund F 899.214 M9719m 2012 A04-0000387 Fiction
APEC Ortigas Extension, Cainta Library APEC Ortigas Extension, Cainta Library Filipiniana Institutional Fund F 899.214 M9719m 2012 B09-0000416 Fiction
APEC Roxas Boulevard Library APEC Roxas Boulevard Library Filipiniana Institutional Fund F 899.214 M9719m 2012 B06-0000394 Fiction
APEC San Pablo, Laguna Library APEC San Pablo, Laguna Library Filipiniana Institutional Fund F 899.214 M9719m 2012 D01-0000288 Fiction
APEC Silangan, Pateros Library APEC Silangan, Pateros Library Filipiniana Institutional Fund F 899.214 M9719m 2012 B07-0000485 Fiction
APEC Sta. Rita Library APEC Sta. Rita Library Filipiniana Institutional Fund F 899.214 M9719m 2012 B02-0000506 Fiction
APEC Taytay Library APEC Taytay Library Filipiniana Institutional Fund F 899.214 M9719m 2012 B08-0000403 Fiction
APEC Tondo Library APEC Tondo Library Filipiniana Institutional Fund F 899.214 M9719m 2012 A10-0000412 Fiction
APEC V. Luna Library APEC V. Luna Library Filipiniana Institutional Fund F 899.214 M9719m 2012 A01-0000445 Fiction

Powered by Koha